Physical and numarical models in knot theory : including applications to the life sciences
Αποθηκεύτηκε σε:
| Άλλοι συγγραφείς: | |
|---|---|
| Μορφή: | Βιβλίο |
| Γλώσσα: | English |
| Δημοσίευση: |
Hackensack, N.J. :
World Scientific,
c2005
|
| Σειρά: | K & E series on knots and everything ;
; 36 |
| Θέματα: | |
| Ετικέτες: |
Προσθήκη ετικέτας
Δεν υπάρχουν, Καταχωρήστε ετικέτα πρώτοι!
|
MARC
| LEADER | 00000nam a2200000 i 4500 | ||
|---|---|---|---|
| 001 | 1/84432 | ||
| 008 | 080512s2005 eng d | ||
| 020 | |a 981-256-187-0 | ||
| 035 | |l 10097185 | ||
| 040 | |a GR-MY-UA |b gre |e aacr | ||
| 041 | 0 | |a eng | |
| 082 | 0 | |a 514.2242 |2 (22) | |
| 245 | 1 | 0 | |a Physical and numarical models in knot theory : |b including applications to the life sciences / |c editors, Jorge A. Calvo ... [κ.ά.] |
| 260 | |a Hackensack, N.J. : |b World Scientific, |c c2005 | ||
| 300 | |a xix, 606 σ.; |b εικ.; |c 24 εκ. | ||
| 490 | 1 | |a K & E series on knots and everything |v ; 36 | |
| 504 | |a Περιέχει βιβλιογραφικές παραπομπές | ||
| 650 | 0 | 0 | |a Knot theory. |
| 700 | 1 | |a Calvo, Jorge Alberto |d 1971- |4 edt | |
| 830 | 0 | |a K & E series on knots and everything ; |v ; 36 | |
| 852 | |a INST |b SAMOS |e 20080512 |h 514.2242 PHY |p 005300030401 |q 005300030401 |t BK |y 0 | ||
| 901 | |a BIBL3-2008-2 | ||
| 909 | |a Σ |b 152442 | ||
| 922 | |a 3ΕΛΗ |b 200803 |c ΕΠΕΑΕΚ2/ΤΜΗΜΑ ΜΑΘΗΜΑΤΙΚΩΝ |d ΕΛΕΥΘΕΡΟΥΔΑΚΗΣ | ||
| 970 | |a ΡΟΥΣΣΟΥ |b ΚΩΝΣΤΑΝΤΙΝΑ |z 2008/05/12 | ||